Indische Städte Karten Quiz - Statistiken

Allgemein
  • Dieses Quiz wurde 206 mal gespielt
  • Das Durchschnittsergebnis liegt bei 6 aus 12
Antworten auf der Karte
Die Antworten werden auf der Karte rot bzw. grün angezeigt, abhängig davon wie oft sie richtig erraten wurden.
 
Antwortstatistiken
Antwort % Korrekt
Delhi
84%
Mumbai
82%
Kolkata
78%
Chennai
56%
Bangalore
54%
Port Blair
54%
Ahmedabad
47%
Hyderabad
42%
Amritsar
38%
Lucknow
37%
Patna
33%
Trivandrum
29%
Keine übereinstimmenden Quizze gefunden
Verteilung der Resultate
Anzahl Personen mit jedem Resultat
Perzentil nach korrekt beantworteten Fragen
Ihre Resultats-Entwicklung
Sie haben dieses Quiz noch nicht gespielt